Mýty a omyly A. Hrabušického a V. Maceka na margo publikácie Slovenská fotografia 1925-2000

Bibliographic Details
Main Author: Bača, Vlado, 1948- (Author)
Format: Article
Language:Slovak
PhysicalDescription:Fotogr.
ISSN:1335-0773
Subjects:

MARC

LEADER 00000nab a2200000 a 4500
001 vtls000867640
003 SK-MaSNL
005 20260304142428.0
008 250505c2004 xo 0 slo
015 |a SNBRB2004/03-09608 
035 |a CLN000219192 
035 |a urn:nbn:sk:snk-ab7c2v 
035 |a (uuid)e9618500-8593-4c02-a6f4-3fb8b266d440 
035 |a (urnnbn)urn:nbn:sk:snk:ar-a07iif 
035 |a (sysno)vtls000867640 
040 |a SNKBUCL  |b slo  |c SNKBUCL  |e AACR2 
041 0 |a slo 
044 |a xo  |c SK 
080 |a 77.04(437.6)(091)(048)  |2 1997 
100 1 |a Bača, Vlado,  |d 1948-  |4 aut  |9 42661 
245 1 0 |a Mýty a omyly A. Hrabušického a V. Maceka  |b na margo publikácie Slovenská fotografia 1925-2000  |c Vlado Bača 
300 |b Fotogr. 
650 0 7 |a fotografia slovenská  |2 snkbucl  |9 301420 
655 7 |a články z novín a časopisov  |2 snkbucl  |9 267496 
773 0 |t Fototip  |g Roč. 11, č. 3 (2004), s. 8-9  |x 1335-0773 
787 0 8 |i Rec.:  |a Hrabušický, Aurel, 1955-  |t Slovenská fotografia 1925-2000  |d Bratislava : Slovenská národná galéria, 2001  |z 8080590583 
850 |a Slovenská národná knižnica 
852 |a Slovenská národná knižnica 
954 |a odborná, vedecká literatúra pôvodná (slovenská)  |2 lita 
958 |a article27 
958 |a SK 
958 |a RC 
958 |a OND 
958 |a EUIPO 
999 |c 2921221  |d 2923151